[Event "Chioggia op-B 13th"]
[Site "Chioggia"]
[Date "2018.09.29"]
[Round "2"]
[White "Pilotto, Alessandro"]
[Black "Spinella, Rocio"]
[Result "1-0"]
[WhiteElo "1572"]
[BlackElo "1340"]
[PlyCount "47"]
[EventDate "2018.09.28"]
[EventType "swiss"]
[EventRounds "5"]
[EventCountry "ITA"]
[SourceTitle "EXT 2022"]
[Source "ChessBase"]
[SourceDate "2021.10.06"]
[SourceVersion "1"]
[SourceVersionDate "2021.10.06"]
[SourceQuality "1"]

1. d4 Nf6 2. Bf4 d5 3. c3 Bf5 4. e3 e6 5. Nf3 Bd6 6. Ne5 0-0 7. Bd3 Bxd3 8. Qxd3 Nbd7 9. Nd2 c5 10. Nxf7 Rxf7 11. Bxd6 Qb6 12. dxc5 Nxc5 13. Bxc5 Qxc5 14. 0-0 Qc7 15. Qd4 a6 16. Nf3 Ne4 17. Rac1 b5 18. Ne5 Rf5 19. f4 Qe7 20. Rf3 Rh5 21. g3 Qf6 22. Qd1 Rh3 23. Qe2 Rf8 24. Nd7 1-0

[Event "Padova op-B 15th"]
[Site "Padova"]
[Date "2012.12.16"]
[Round "3"]
[White "Pilotto, Alessandro"]
[Black "Belloni, Umberto"]
[Result "1-0"]
[WhiteElo "1573"]
[BlackElo "1797"]
[PlyCount "91"]
[EventDate "2012.12.15"]
[EventType "swiss"]
[EventRounds "6"]
[EventCountry "ITA"]
[SourceTitle "EXT 2015"]
[Source "ChessBase"]
[SourceDate "2014.11.20"]
[SourceVersion "1"]
[SourceVersionDate "2014.11.20"]
[SourceQuality "1"]

1. d4 d5 2. Bf4 Bg4 3. h3 Bh5 4. Nf3 Nd7 5. e3 e6 6. Be2 Bxf3 7. Bxf3 Bd6 8. Bxd6 cxd6 9. c3 f5 10. Nd2 Nb6 11. Qb3 Qd7 12. Be2 Ne7 13. a4 Nc6 14. a5 Nc8 15. Bb5 N8e7 16. a6 b6 17. Qd1 0-0 18. 0-0 Qe8 19. Qf3 Qg6 20. Qf4 e5 21. dxe5 dxe5 22. Qh2 Rf6 23. Nf3 f4 24. exf4 Rxf4 25. Nxe5 Nxe5 26. Qxf4 Qh5 27. Rfe1 N7g6 28. Qg3 Rf8 29. Be2 Qf5 30. Bg4 Qf6 31. Re3 h5 32. Bxh5 Nf4 33. Bf3 Nc4 34. Ree1 Nxb2 35. Rab1 Nbd3 36. Re3 Nc5 37. Rbe1 d4 38. cxd4 Qxd4 39. Re7 Ncd3 40. R1e4 Qf6 41. Rxa7 Nc5 42. Ree7 Nce6 43. Bg4 g6 44. Bxe6+ Nxe6 45. Qe3 Nc5 46. Re8 1-0

[Event "Veneto-ch qf 63rd"]
[Site "Arqua Petrarca"]
[Date "2003.05.03"]
[Round "1.26"]
[White "Zanirato, Stefano"]
[Black "Pilotto, Alessandro"]
[Result "0-1"]
[WhiteElo "1716"]
[BlackElo "1495"]
[PlyCount "44"]
[EventDate "2003.05.03"]
[EventType "swiss"]
[EventRounds "6"]
[EventCountry "ITA"]
[SourceTitle "EXT 2024"]
[Source "ChessBase"]
[SourceDate "2023.10.10"]
[SourceVersion "1"]
[SourceVersionDate "2023.10.10"]
[SourceQuality "1"]

1. Nf3 Nf6 2. d3 d5 3. c3 Bg4 4. Nbd2 e6 5. Qc2 h6 6. e4 dxe4 7. dxe4 Be7 8. e5 Nfd7 9. Be2 a6 10. b4 Nc6 11. Qe4 Bf5 12. Qe3 Nb6 13. Nc4 Nd5 14. Qd2 Ncxb4 15. 0-0 Nc2 16. Rb1 Nce3 17. Rxb7 Nxf1 18. Bxf1 0-0 19. Nd4 Bg5 20. Qb2 Bxc1 21. Qxc1 Be4 22. f3 Nxc3 0-1